E-learningové štúdium

Ciele grantovej úlohy KEGA v časti Účtovníctvo. Prepracovanie študijného textu pre potreby e-learningovej výučby. Vytvorenie reálnych podmienok na pokračovanie v zavádzaní progresívnej interaktívnej technológie do vzdelávacieho procesu.

Enregistré dans:
Détails bibliographiques
Auteur principal: Boušková, Dagmar
Format: Chapitre de livre
Langue:slovaque
Sujets:
Tags: Ajouter un tag
Pas de tags, Soyez le premier à ajouter un tag!

MARC

LEADER 00000naa$a2200000$$$4500
001 0042356
005 20240502071515.0
041 0 |a slo 
044 |a SK 
245 1 0 |a E-learningové štúdium  |c Dagmar Boušková 
520 |a Ciele grantovej úlohy KEGA v časti Účtovníctvo. Prepracovanie študijného textu pre potreby e-learningovej výučby. Vytvorenie reálnych podmienok na pokračovanie v zavádzaní progresívnej interaktívnej technológie do vzdelávacieho procesu. 
610 2 0 |a účtovníctvo 
610 2 0 |a vzdelávanie elektronické 
610 2 0 |a predmety učebné 
100 1 |a Boušková, Dagmar